[Event "Penang op-A 5th"]
[Site "Penang"]
[Date "2013.12.13"]
[Round "8"]
[White "Ramakrishnan, Ramesh"]
[Black "Kow, Wen Han Jonathan"]
[Result "1-0"]
[WhiteElo "1869"]
[BlackElo "1712"]
[PlyCount "74"]
[EventDate "2013.12.09"]
[EventType "swiss"]
[EventRounds "9"]
[EventCountry "MAS"]
[SourceTitle "CBM 157 Extra"]
[Source "ChessBase"]
[SourceDate "2013.12.19"]
[SourceVersion "1"]
[SourceVersionDate "2013.12.19"]
[SourceQuality "1"]

1. d4 Nf6 2. c4 g6 3. Nc3 Bg7 4. e4 d6 5. Be2 0-0 6. Nf3 e5 7. 0-0 Nc6 8. d5 Ne7 9. b4 Kh8 10. c5 Neg8 11. Nd2 Ne8 12. Nc4 f5 13. f3 f4 14. Ba3 g5 15. b5 h5 16. Qb3 Rf6 17. b6 cxb6 18. cxd6 Rg6 19. Nb5 g4 20. Rfc1 Qh4 21. fxg4 hxg4 22. g3 Qh5 23. Bf1 Ngf6 24. Qd3 Rh6 25. Rc2 Nxe4 26. Qxe4 Bf5 27. Qe2 Bxc2 28. Qxc2 fxg3 29. Re1 e4 30. Qd2 a6 31. Nc7 Bf6 32. Nxa8 b5 33. d7 bxc4 34. dxe8Q+ Qxe8 35. Qxh6+ Kg8 36. Qxf6 gxh2+ 37. Kh1 Qxa8 1-0